000 00621nam a2200181Ia 4500
008 090124s9999 xx 000 0 und d
082 _b114096
100 _aटोळ दत्ता श्री.
245 _a इतिहासातील सोनेरी पाने
250 _a1
260 _c1971
300 _a118
600 _aटोळ दत्ता श्री.
630 _a इतिहासातील सोनेरी पाने
700 _aटोळ दत्ता श्री.
730 _a इतिहासातील सोनेरी पाने
942 _cBOOK
999 _c160187
_d160187